书目信息 |
| 题名: |
儿童社会技能的发展与培养
|
|
| 作者: | 王美芳 著 | |
| 分册: | ||
| 出版信息: | 北京 华文出版社 2003 |
|
| 页数: | 12,372页 | |
| 开本: | 20cm | |
| 丛书名: | ||
| 单 册: | ||
| 中图分类: | G421 | |
| 科图分类: | ||
| 主题词: | 儿童--社会--能力培养 | |
| 电子资源: | ||
| ISBN: | 7-5075-1501-X | |
| 000 | 01195nam0 2200325 450 | |
| 000 | 01158nam0 2200313 450 | |
| 000 | 01139nam0 2200313 450 | |
| 000 | 01102nam0 2200301 450 | |
| 000 | 01120nam0 2200289 450 | |
| 000 | 01083nam0 2200277 45 | |
| 001 | TS2006014553 | |
| 005 | 20061210154740.50 | |
| 010 | @a7-5075-1501-X@dCNY22.00 | |
| 092 | @aCN@bTS01-015670 | |
| 100 | @a20060829d2003 emky0chiy0110 ea | |
| 101 | 0 | @achi |
| 102 | @aCN@b110000 | |
| 105 | @ay z 000yy | |
| 200 | 1 | @a儿童社会技能的发展与培养@Aer tong she hui ji neng de fa zhan yu pei yang@f王美芳等著@FWang Mei Fang Deng Zhu |
| 210 | @a北京@c华文出版社@d2003 | |
| 215 | @a12,372页@d20cm | |
| 300 | @a国家教育部人文社会科学项目研究成果 山东省社会科学规划项目研究成果 | |
| 330 | @a本书在理论上概括了国际上在儿童社会技能的概念、发展和训练等方面的不同流派和观点,还介绍了各种适应不良儿童的社会技能训练方法。 | |
| 606 | 0 | @a儿童@x社会@y能力培养 |
| 690 | @aG421@v4 | |
| 701 | 0 | @a王美芳@Awang mei fang@c(女,大学教师)@4著 |
| 801 | 0 | @aCN@b中图数据@c20061210 |
| 905 | @a10447@dG421@e146 | |
| 儿童社会技能的发展与培养/王美芳等著.-北京:华文出版社,2003 |
| 12,372页;20cm |
| 国家教育部人文社会科学项目研究成果 山东省社会科学规划项目研究成果 |
| ISBN 7-5075-1501-X:CNY22.00 |
| 本书在理论上概括了国际上在儿童社会技能的概念、发展和训练等方面的不同流派和观点,还介绍了各种适应不良儿童的社会技能训练方法。 |
| ● |
| 相关链接 |
|
|
|
|
正题名:儿童社会技能的发展与培养
索取号:G421/146
 
预约/预借
| 序号 | 登录号 | 条形码 | 馆藏地/架位号 | 状态 | 备注 |
| 1 | 0608478 | 206084789 | 第一样本阅览室/ [索取号:G421/146] | 在馆 | |
| 2 | 0608479 | 206084798 | 第四借阅区/ [索取号:G421/146] | 在馆 | |
| 3 | 0608480 | 206084805 | 第四借阅区/ [索取号:G421/146] | 在馆 | |
| 4 | 0608481 | 206084814 | 第四借阅区/ [索取号:G421/146] | 在馆 | |
| 5 | 0608482 | 206084823 | 第四借阅区/ [索取号:G421/146] | 在馆 |